Teoría electromagnética
Guardado en:
| Hovedforfatter: | |
|---|---|
| Format: | Bog |
| Sprog: | Spanish |
| Udgivet: |
México : McGraw-Hill,
c1991.
|
| Udgivelse: | 2 |
| Fag: | |
| Tags: |
Tilføj Tag
Ingen Tags, Vær først til at tagge denne postø!
|
MARC
| LEADER | 00000nam a2200000Ia 4500 | ||
|---|---|---|---|
| 003 | 000461 | ||
| 005 | 20221231143956.0 | ||
| 008 | 140114s1991 mx a 000 ||spa d | ||
| 040 | |c cru CEDI | ||
| 082 | |a 537.12 H426t | ||
| 100 | |a Hayt, William H., Jr., 1920-1999. |9 19686 | ||
| 245 | |a Teoría electromagnética | ||
| 250 | |a 2 | ||
| 260 | |a México : McGraw-Hill, |c c1991. | ||
| 300 | |a xii, 525 páginas : ilustraciones | ||
| 500 | |a Traducido de la quinta edición en inglés de Engineering electromagnetics | ||
| 650 | |x TEORIA ELECTROMAGNETICA |9 19687 | ||
| 942 | |2 ddc |c BK | ||
| 999 | |c 15050 |d 15050 | ||
